000 00466nam a2200181Ia 4500
003 GCL
008 140319s9999 xx 000 0 eng d
040 _aGCL /
_cGCL
082 0 4 _a745.5\W P
100 1 _aWONG, WUCIUS
245 1 0 _aPrinciples of Tuo Dimensional Design /
_cWONG, WUCIUS
260 _a[S.N] :
_bVAN NOSTRAND REINHOLD COMPANY ،
_c1972
300 _a77
650 0 4 _aDRAWING
650 0 4 _aDEIGN
650 0 4 _aTECHNICAL DRAWING
942 _2ddc
_cBK
999 _c17680
_d17680